Countries and territories with Direct Scheduled Flights to/from Norway - Statistics

General Stats
  • This quiz has been taken 483 times
  • The average score is 30 of 36
Answer Stats
Norwegian Airport(s) City/Cities Country % Correct
Gardermoen, Trop, Flesland, Værnes, Langnes, Sola, Karmøy Aberdeen, Edinburgh, Liverpool, London, Manchester, Newcastle, Shetland (S) United Kingdom
99%
Gardermoen, Flesland, Værnes, Langnes, Sola Gotland (S), Gothenburg, Stockholm, Östersund Sweden
98%
Gardermoen New York, Philadelphia (S) United States
98%
Gardermoen, Flesland, Sola, Longyear Bordeaux, Nice (S*), Paris France
97%
Gardermoen, Langnes Arkhangelsk, Moscow, Murmansk, Saint Petersburg Russia
97%
Gardermoen, Trop, Flesland, Værnes, Kjevik, Sola Aalborg, Billund, Bornholm, Copenhagen,Esbjerg, Århus Denmark
96%
Gardermoen Helsinki(S*) Finland
96%
Gardermoen, Trop, Flesland, Sola Gdansk, Katowice, Krakow, Poznan (S), Szczecin, Warsaw, Wroclaw Poland
96%
Gardermoen, Trop, Flesland,Værnes, Kjevik, Sola, Karmøy Alicante, Barcelona, Gran Canaria (W*), Ibiza, Malaga (S*), Murcia, Palma de Mallorca (S), Tenerife Spain
96%
Gardermoen, Trop, Flesland, Sola, Karmøy Berlin, Bremen, Düsseldorf, Frankfurt, Hamburg(S*), München Germany
95%
Gardermoen Dublin Ireland
94%
Gardermoen, Sola Salzburg (W), Vienna Austria
93%
Gardermoen Brussels Belgium
93%
Gardermoen, Trop Alghero, Bologna (S), Milan, Olbia (S*), Pescara (S), Pisa (S*), Rome, Trapani (S) Italy
93%
Gardermoen, Trop, Flesland, Værnes, Kjevik, Sola Amsterdam Netherlands
93%
Gardermoen Faro (S), Lisboa Portugal
93%
Gardermoen Chania (S), Kos, Santorini (S) Greece
92%
Gardermoen, Flesland, Værnes, Langnes, Sola Riga Latvia
92%
Gardermoen Palanga, Vilnius Lithuania
92%
Gardermoen Geneva (W), Zürich Switzerland
92%
Gardermoen Tallinn Estonia
91%
Gardermoen, Værnes, Sola Reykjavik Iceland
90%
Gardermoen, Flesland, Værnes Antalya (S), Istanbul, Lanzarote Turkey
90%
Gardermoen, Flesland, Værnes, Sola Dubrovnik (S*), Pula, Split (S) Croatia
85%
Gardermoen, Trop Prague Czech Republic
85%
Gardermoen Budapest Hungary
81%
Trop Kiev Ukraine
81%
Gardermoen Belgrade Serbia
79%
Gardermoen Burgas (S), Varna Bulgaria
78%
Gardermoen Dubai (W) United Arab Emirates
73%
Gardermoen Larnaka (S) Cyprus
63%
Gardermoen Luqa Malta
62%
Gardermoen Agadir, Marrakech Morocco
62%
Gardermoen Bangkok Thailand
41%
Flesland, Sola Vágar (S) Faroe Islands
33%
Gardermoen Islamabad, Lahore Pakistan
18%
No matching quizzes found
Score Distribution
Percent of People with Each Score
Percentile by Number Answered
Your Score History
You have not taken this quiz